000 00604nam a22001937a 4500
999 _c10338
_d10338
003 AR-CdUCM
008 190329b ||||| |||| 00| 0 spa d
040 _aMUNICIPALIDAD PROVINCIAL DEL CUSCO
_cBIBLIOTECA MUNICIPAL DEL CUSCO
082 _aES / 800 /
_bP73
245 _aEl poema de mio cid /
260 _aLima :
_bMercurio,
_c1988.
300 _a230 paginas ;
_c17 cm.
440 _aLeo.
_927117
505 _aContenido :Destierro de cid -- Bodas de las hijas de Corpes ...
650 _aLiteratura peruana
_9169
650 _aLiteratura contemporánea
_9759
942 _2ddc
_cLIBROS
945 _arum